<?xml version="1.0" encoding="UTF-8"?>
<marc:record xmlns:marc="http://www.loc.gov/MARC21/slim">
   <marc:leader>00000nam a2200000 a 4500</marc:leader>
   <marc:datafield ind1="1" ind2=" " tag="100">
      <marc:subfield code="a">Johansen, Erika</marc:subfield>
      <marc:subfield code="4">aut</marc:subfield>
      <marc:subfield code="e">Verfasser/-in</marc:subfield>
   </marc:datafield>
   <marc:datafield ind1="0" ind2="0" tag="245">
      <marc:subfield code="a">Die Königin der Schatten - Verflucht</marc:subfield>
   </marc:datafield>
   <marc:datafield ind1="0" ind2="0" tag="245">
      <marc:subfield code="b">Roman</marc:subfield>
   </marc:datafield>
   <marc:datafield ind1="0" ind2="0" tag="245">
      <marc:subfield code="c">Erika Johansen ; aus dem Amerikanischen von Sabine Thiele</marc:subfield>
   </marc:datafield>
   <marc:datafield ind1=" " ind2="1" tag="264">
      <marc:subfield code="a">München</marc:subfield>
      <marc:subfield code="b">Heyne</marc:subfield>
      <marc:subfield code="c">2016</marc:subfield>
   </marc:datafield>
   <marc:datafield ind1=" " ind2=" " tag="250">
      <marc:subfield code="a">Deutsche Erstausgabe</marc:subfield>
   </marc:datafield>
   <marc:datafield ind1="1" ind2=" " tag="520">
      <marc:subfield code="a">Angaben aus der Verlagsmeldung

Die Königin der Schatten - Verflucht : Roman The Queen of Tearling Book 2 / von Erika Johansen

Die Königin der Schatten hat den Thron bestiegen, doch kann sie ihr Reich vor dem Untergang bewahren?

Seit Kelsea Glynn ihr rechtmäßiges Erbe angetreten hat, ist in Tearling ein Zeitalter der Menschlichkeit und der Gerechtigkeit angebrochen. Doch mit der Roten Königin des Nachbarreiches Mortmesne hat sich Kelsea eine ebenso mächtige wie gefährliche Feindin gemacht: Unau altsam marschiert die gewaltige Mort-Armee auf die Grenzen Tearlings zu. Noch während Kelsea versucht, einen Krieg zu verhindern, den sie nicht gewinnen kann, kommt sie einem Geheimnis aus der Vergangenheit auf die Spur – einem Geheimnis, das das Schicksal Tearlings für immer verändern wird.
</marc:subfield>
   </marc:datafield>
   <marc:datafield ind1=" " ind2=" " tag="020">
      <marc:subfield code="a">9783453315877</marc:subfield>
      <marc:subfield code="9">9783453315877</marc:subfield>
   </marc:datafield>
   <marc:datafield ind1=" " ind2=" " tag="020">
      <marc:subfield code="a">3453315871</marc:subfield>
      <marc:subfield code="9">3453315871</marc:subfield>
   </marc:datafield>
   <marc:datafield ind1=" " ind2=" " tag="300">
      <marc:subfield code="a">606 Seiten</marc:subfield>
   </marc:datafield>
</marc:record>
